000 00688nam a2200217 i 4500
001 13502
003 ES-MaACL
005 20240319164212.0
007 t|
008 980423s1991 sp ||||1| spa d
020 _a84-606-0188-9
080 _a739.1:069.538(460.27 M.)
110 2 _aMuseo Municipal de Madrid
_95892
245 1 0 _aCatálogo de la plata /
_c[textos y catalogación, Fernando A. Martín].
260 _aMadrid :
_bMuseo Municipal,
_c1991.
300 _a106 p. :
_bil. ;
_c26 cm.
650 4 _aPlatería-
_zMuseo Municipal de Madrid-
_vCatálogos.
_916129
700 1 _aMartín, Fernando A.
_977300
852 _aES-MaACL
_jL-20842
_bR.126514
999 _c13502
_d13502